[Event "18.Open Seefeld"]
[Site "Seefeld / Oesterreich"]
[Date "2007.09.02"]
[Round "2"]
[White "Fuchs, Georg"]
[Black "Maurer, Rainer"]
[Result "1-0"]
[WhiteElo "2193"]
[BlackElo "2117"]
[PlyCount "89"]
[EventDate "2007.09.01"]
[EventType "swiss"]
[EventRounds "9"]
[EventCountry "AUT"]

1. e4 d5 2. Nc3 dxe4 3. Nxe4 Nf6 4. Ng3 Nbd7 5. Bc4 Ne5 6. Bb3 Bg4 7. f3 Bd7 8.
d4 Ng6 9. N1e2 e6 10. O-O Be7 11. f4 c5 12. Be3 Ng4 13. Qd2 Qc7 14. c3 Rd8 15.
h3 Nf6 16. f5 exf5 17. Nxf5 Bxf5 18. Rxf5 O-O 19. Bc2 cxd4 20. Bxd4 Bc5 21.
Raf1 Bxd4+ 22. Nxd4 Rd5 23. Bb3 Rxf5 24. Rxf5 Re8 25. Qf2 Qe7 26. Nf3 Qe4 27.
Bxf7+ Kf8 28. Qc5+ Ne7 29. Re5 Nd7 30. Rxe4 Nxc5 31. Rf4 Nd3 32. Rd4 Kxf7 33.
Rxd3 Nc6 34. Rd7+ Re7 35. Ng5+ Kg6 36. Rxe7 Nxe7 37. Ne4 Nc6 38. Kf2 b6 39. Ke3
Kf5 40. b3 Ke5 41. Ng5 h6 42. Nf3+ Kd6 43. Nd4 Ne7 44. Ke4 Kc5 45. Ne6+ 1-0

[Event "18.Open Seefeld"]
[Site "Seefeld / Oesterreich"]
[Date "2007.09.02"]
[Round "2"]
[White "Kroencke, Manfred"]
[Black "Klein, Reinhard"]
[Result "1-0"]
[WhiteElo "2207"]
[BlackElo "1870"]
[PlyCount "49"]
[EventDate "2007.09.01"]
[EventType "swiss"]
[EventRounds "9"]
[EventCountry "AUT"]

1. e4 c5 2. Nf3 Nc6 3. Bb5 Nd4 4. Nxd4 cxd4 5. c4 e5 6. O-O Nf6 7. d3 a6 8. Ba4
Bd6 9. f4 Qc7 10. f5 h6 11. h3 b6 12. a3 Bb7 13. b4 b5 14. cxb5 axb5 15. Bxb5
Bxb4 16. Nd2 Bc3 17. Rb1 Bxd2 18. Bxd2 O-O 19. Bb4 Rfc8 20. Be7 d6 21. Bxf6
gxf6 22. Bc4 Bxe4 23. Qg4+ Kh7 24. Qxe4 Qe7 25. Rb7 1-0

[Event "18.Open Seefeld"]
[Site "Seefeld / Oesterreich"]
[Date "2007.09.02"]
[Round "2"]
[White "Wallnoefer, Hannes"]
[Black "Georgiev, Georgi"]
[Result "1-0"]
[WhiteElo "2200"]
[BlackElo "1915"]
[PlyCount "79"]
[EventDate "2007.09.01"]
[EventType "swiss"]
[EventRounds "9"]
[EventCountry "AUT"]

1. e4 d5 2. exd5 Nf6 3. d4 Bg4 4. Be2 Bxe2 5. Qxe2 Qxd5 6. Nf3 e6 7. O-O Nc6 8.
Rd1 Bd6 9. c4 Qh5 10. Nc3 O-O 11. c5 Be7 12. Bf4 Rfc8 13. Qc4 Nd5 14. Nxd5 Qxd5
15. Qc3 b5 16. Ne5 Nxe5 17. Bxe5 a5 18. Qg3 f6 19. Bxc7 e5 20. dxe5 Qxc5 21.
Bd6 Bxd6 22. exd6 Rd8 23. Rac1 Qe5 24. Qb3+ Kh8 25. Rd5 Qe6 26. Rcd1 b4 27. d7
Ra7 28. Qd3 h6 29. Rd6 Qe5 30. Qd2 Rc7 31. h3 Qb5 32. Rd5 Qc6 33. Qd3 Qc2 34.
Qxc2 Rxc2 35. Re1 Kh7 36. Re8 Rxd7 37. Rxd7 Rxb2 38. Ree7 Rxa2 39. Rxg7+ Kh8
40. Rh7+ 1-0

[Event "18.Open Seefeld"]
[Site "Seefeld / Oesterreich"]
[Date "2007.09.02"]
[Round "2"]
[White "Schwammberger, Eugen"]
[Black "Niebergall, Gerhard"]
[Result "1/2-1/2"]
[WhiteElo "2066"]
[BlackElo "2136"]
[PlyCount "44"]
[EventDate "2007.09.01"]
[EventType "swiss"]
[EventRounds "9"]
[EventCountry "AUT"]

1. c4 c5 2. Nc3 g6 3. Nf3 Nc6 4. d4 cxd4 5. Nxd4 Bg7 6. Nxc6 bxc6 7. Qc2 Nf6 8.
e4 O-O 9. Be2 d6 10. h3 Rb8 11. O-O Be6 12. Bf4 Qa5 13. Rac1 Nd7 14. Bd2 Qc7
15. b3 Nc5 16. Bf3 Bd7 17. Be3 Ne6 18. Rfd1 Be5 19. Ne2 c5 20. Bg4 Bc6 21. f4
Bf6 22. Bf3 Qb7 1/2-1/2

[Event "18.Open Seefeld"]
[Site "Seefeld / Oesterreich"]
[Date "2007.09.02"]
[Round "2"]
[White "Mertens, Klaus"]
[Black "Glanznig, Mario"]
[Result "1-0"]
[WhiteElo "2090"]
[BlackElo "1895"]
[PlyCount "149"]
[EventDate "2007.09.01"]
[EventType "swiss"]
[EventRounds "9"]
[EventCountry "AUT"]

1. Nf3 c5 2. g3 b6 3. Bg2 Bb7 4. O-O Nf6 5. b3 e6 6. Bb2 Be7 7. d3 O-O 8. e4 d6
9. Nbd2 Nbd7 10. Qe2 d5 11. e5 Ne8 12. c4 Nc7 13. h4 f5 14. exf6 Bxf6 15. Bxf6
Qxf6 16. Nh2 Rae8 17. Ng4 Qe7 18. Rae1 e5 19. cxd5 Bxd5 20. Bxd5+ Nxd5 21. Qe4
N5f6 22. Qc4+ Kh8 23. Nxf6 Qxf6 24. Ne4 Qc6 25. Re3 b5 26. Qc2 Rc8 27. Rc1 h6
28. Qe2 Qe6 29. Nd2 Qd5 30. Qh5 Qf7 31. Qxf7 Rxf7 32. Ne4 Rc6 33. Re2 Rf8 34.
Rec2 Rfc8 35. Kf1 Kg8 36. Ke2 a6 37. b4 c4 38. dxc4 bxc4 39. Rd1 R8c7 40. Rd6
Rxd6 41. Nxd6 Nb6 42. Kf3 Nd5 43. a3 c3 44. Ke4 Nf6+ 45. Kxe5 Ng4+ 46. Kd4 Rd7
47. Kd5 Rc7 48. Ne4 Kf7 49. Nxc3 Ke7 50. Re2+ Kd7 51. Ne4 Nf6+ 52. Nxf6+ gxf6
53. Re6 Rc3 54. Rxf6 Rxa3 55. Rxh6 a5 56. Rh7+ Ke8 57. bxa5 Rxa5+ 58. Ke6 Ra6+
59. Kf5 Ra2 60. f4 Kf8 61. h5 Kg8 62. Rb7 Ra3 63. g4 Ra5+ 64. Kg6 Ra6+ 65. Kg5
Kh8 66. f5 Kg8 67. f6 Ra4 68. h6 Ra5+ 69. Kg6 Ra8 70. Re7 Kh8 71. Rh7+ Kg8 72.
f7+ Kf8 73. Rh8+ Ke7 74. Rxa8 Ke6 75. f8=Q 1-0

[Event "18.Open Seefeld"]
[Site "Seefeld / Oesterreich"]
[Date "2007.09.02"]
[Round "2"]
[White "Titz, Waldemar"]
[Black "Schmidt, Wolfgang"]
[Result "1/2-1/2"]
[WhiteElo "1819"]
[BlackElo "2071"]
[PlyCount "83"]
[EventDate "2007.09.01"]
[EventType "swiss"]
[EventRounds "9"]
[EventCountry "AUT"]

1. e4 g6 2. d4 Bg7 3. Nc3 d6 4. h3 c6 5. Nf3 Nf6 6. Be2 O-O 7. O-O b5 8. a3 Qc7
9. Be3 Nbd7 10. Qd2 Bb7 11. Bh6 a6 12. Bxg7 Kxg7 13. Rad1 c5 14. dxc5 Nxc5 15.
Qd4 Ncxe4 16. Nxe4 Bxe4 17. c3 Bb7 18. Nd2 e5 19. Qd3 d5 20. Qe3 Rfe8 21. Nb3
Rac8 22. Rfe1 Nd7 23. h4 Nc5 24. Nd2 Na4 25. Rb1 Qc5 26. Qg3 Qe7 27. h5 f6 28.
Bg4 Rcd8 29. hxg6 hxg6 30. Bf5 Qf7 31. Nf3 Bc8 32. Nh4 Bxf5 33. Nxf5+ Kf8 34.
Nh4 g5 35. Nf5 Qh7 36. Qg4 Kf7 37. Ng3 Rh8 38. Qf3 e4 39. Qe3 Rd7 40. b3 d4 41.
cxd4 Nb6 42. Qxe4 1/2-1/2

[Event "18.Open Seefeld"]
[Site "Seefeld / Oesterreich"]
[Date "2007.09.02"]
[Round "2"]
[White "Allgaier, Erik"]
[Black "Eiter, Meinhard"]
[Result "0-1"]
[WhiteElo "2060"]
[BlackElo "1845"]
[PlyCount "74"]
[EventDate "2007.09.01"]
[EventType "swiss"]
[EventRounds "9"]
[EventCountry "AUT"]

1. Nf3 g6 2. d4 Bg7 3. Nc3 Nf6 4. e4 d6 5. h3 O-O 6. Be3 c6 7. a4 Qc7 8. Bc4
Nxe4 9. Nxe4 d5 10. Bd3 dxe4 11. Bxe4 Nd7 12. c4 c5 13. Rc1 cxd4 14. Bxd4 e5
15. Bc3 Qxc4 16. Bd5 Qa6 17. Bb4 e4 18. Ng5 Ne5 19. Rc3 Rd8 20. Qb3 Nd3+ 21.
Rxd3 Qxd3 22. Qxd3 exd3 23. Bxf7+ Kh8 24. Bc4 Re8+ 25. Kd1 Bxb2 26. Nf7+ Kg7
27. Nd6 Rd8 28. Re1 Bf6 29. Ne8+ Rxe8 30. Rxe8 Bg4+ 31. hxg4 Rxe8 32. Bxd3 Rd8
33. Kc2 Rd4 34. Bc5 Rxg4 35. Bxa7 Rxa4 36. Bb6 Ra2+ 37. Kb1 Rb2+ 0-1

[Event "18.Open Seefeld"]
[Site "Seefeld / Oesterreich"]
[Date "2007.09.02"]
[Round "2"]
[White "Walcher, Christian"]
[Black "Hofer, Franz"]
[Result "0-1"]
[WhiteElo "1776"]
[BlackElo "2051"]
[PlyCount "122"]
[EventDate "2007.09.01"]
[EventType "swiss"]
[EventRounds "9"]
[EventCountry "AUT"]

1. e4 e6 2. d4 d5 3. exd5 exd5 4. Bd3 Bd6 5. Ne2 Bg4 6. Be3 Nc6 7. Nbc3 Nge7 8.
f3 Bh5 9. a3 a6 10. Qd2 Bg6 11. O-O-O Bxd3 12. Qxd3 Na5 13. g4 Nc4 14. Bf4 c6
15. Rde1 Qc7 16. Bxd6 Qxd6 17. Nd1 Qg6 18. Qxg6 hxg6 19. Nec3 Kd7 20. Re2 Rae8
21. Na4 Nd6 22. Nc5+ Kd8 23. Nc3 Rh3 24. Rf1 Nec8 25. Rxe8+ Kxe8 26. Rf2 a5 27.
Ne2 Rh4 28. Ng1 b6 29. Nd3 f6 30. Re2+ Kf7 31. Nf4 Rh8 32. h3 g5 33. Nd3 Ne7
34. a4 Ng6 35. b4 Ra8 36. Kb2 axb4 37. Nxb4 Nc4+ 38. Kb3 Na5+ 39. Kc3 Nf4 40.
Re1 Rh8 41. Nd3 Nxd3 42. Kxd3 Nc4 43. Kc3 Ra8 44. Kb3 Ra7 45. c3 Ra5 46. Re2
Ra8 47. Kb4 Na5 48. Re1 Nb7 49. Re3 Nd8 50. Ne2 Ne6 51. Ng1 Ke7 52. h4 gxh4 53.
Nh3 g5 54. f4 Kd7 55. fxg5 Nxg5 56. Nf4 Re8 57. Rxe8 Kxe8 58. Nh5 Ke7 59. a5
bxa5+ 60. Kxa5 h3 61. Ng3 Ne4 0-1

[Event "18.Open Seefeld"]
[Site "Seefeld / Oesterreich"]
[Date "2007.09.02"]
[Round "2"]
[White "Pieper, Harald"]
[Black "Schnegg, Daniel"]
[Result "1/2-1/2"]
[WhiteElo "2043"]
[BlackElo "2012"]
[PlyCount "110"]
[EventDate "2007.09.01"]
[EventType "swiss"]
[EventRounds "9"]
[EventCountry "AUT"]

1. f4 c5 2. Nf3 g6 3. e3 Bg7 4. d4 cxd4 5. exd4 d6 6. c3 Nf6 7. Bc4 O-O 8. O-O
Qc7 9. Bb3 b6 10. Be3 Nc6 11. Nbd2 Ng4 12. Bf2 Ba6 13. Re1 Nxf2 14. Kxf2 Na5
15. Bc2 Rae8 16. Rb1 Nc4 17. Nxc4 Bxc4 18. Bb3 Ba6 19. Bc2 Rd8 20. Bd3 Bxd3 21.
Qxd3 e5 22. Qe3 f6 23. Rbd1 Bh6 24. g3 exf4 25. gxf4 Rde8 26. Qxe8 Rxe8 27.
Rxe8+ Kf7 28. Rde1 Bxf4 29. R8e7+ Qxe7 30. Rxe7+ Kxe7 31. d5 Be5 32. h3 h6 33.
a4 f5 34. h4 Kf6 35. Nd2 f4 36. Kf3 Kf5 37. Ne4 g5 38. hxg5 hxg5 39. Nf2 Bf6
40. Ng4 Bg7 41. Nf2 Ke5 42. c4 Kf5 43. b3 Bd4 44. Ng4 a5 45. Nh6+ Kg6 46. Ng4
Bc5 47. Nh2 Bb4 48. Kg4 Bc3 49. Nf3 Bf6 50. Nd2 Bd8 51. Ne4 Be7 52. Nd2 Kf6 53.
Nf3 Kg6 54. Nd2 Kf6 55. Nf3 Kg6 1/2-1/2

[Event "18.Open Seefeld"]
[Site "Seefeld / Oesterreich"]
[Date "2007.09.02"]
[Round "2"]
[White "Natter, Siegfried"]
[Black "Straesser, Gerda"]
[Result "1-0"]
[WhiteElo "2233"]
[BlackElo "1828"]
[PlyCount "95"]
[EventDate "2007.09.01"]
[EventType "swiss"]
[EventRounds "9"]
[EventCountry "AUT"]

1. e4 e6 2. b3 d5 3. Bb2 c5 4. exd5 exd5 5. Bb5+ Bd7 6. Bxd7+ Nxd7 7. d4 Ngf6
8. Qe2+ Qe7 9. dxc5 Qxe2+ 10. Nxe2 Bxc5 11. O-O O-O 12. Nbc3 Rfe8 13. Rad1 Rad8
14. Nd4 a6 15. h3 h6 16. Nf5 Nb6 17. Rfe1 Kh7 18. Ne2 Ne4 19. Bd4 Bxd4 20. Rxd4
Nc3 21. Ne3 Nxe2+ 22. Rxe2 Re4 23. Red2 Rxd4 24. Rxd4 Rc8 25. Kf1 f5 26. Ke2 g5
27. Kd2 f4 28. Nxd5 Nxd5 29. Rxd5 Rc7 30. Rd6 Kg7 31. Kd3 Rf7 32. f3 h5 33. c4
h4 34. c5 Re7 35. b4 Re1 36. Rb6 Re7 37. c6 bxc6 38. Rxa6 Rd7+ 39. Kc2 Re7 40.
Kd2 Rd7+ 41. Ke2 Re7+ 42. Kf1 Rd7 43. Rxc6 Rd1+ 44. Ke2 Rb1 45. a3 Rb2+ 46. Kf1
Rb1+ 47. Kf2 Rb2+ 48. Kg1 1-0

[Event "18.Open Seefeld"]
[Site "Seefeld / Oesterreich"]
[Date "2007.09.02"]
[Round "2"]
[White "Nolte, Wilhelm"]
[Black "Rahn, Oskar"]
[Result "0-1"]
[WhiteElo "1775"]
[BlackElo "2122"]
[PlyCount "90"]
[EventDate "2007.09.01"]
[EventType "swiss"]
[EventRounds "9"]
[EventCountry "AUT"]

1. e4 g6 2. d4 c6 3. Nf3 d5 4. e5 Bf5 5. Nh4 Be6 6. Nf3 Na6 7. Ng5 Nc7 8. Be3
Bd7 9. Bd3 h6 10. Nf3 Qc8 11. O-O Bf5 12. Be2 e6 13. Nh4 g5 14. Nxf5 exf5 15.
g3 Ne7 16. Bh5 Qe6 17. Nd2 Rg8 18. Kh1 O-O-O 19. Rc1 Ng6 20. c4 Kb8 21. Bxg6
Rxg6 22. f4 g4 23. a3 h5 24. Bf2 Be7 25. Nb3 dxc4 26. Nd2 b5 27. Qe2 Qd5+ 28.
Kg1 Ne6 29. Nb1 Nxd4 30. Bxd4 Qxd4+ 31. Qf2 Bc5 32. Qxd4 Bxd4+ 33. Kg2 Bxb2 34.
Rcd1 Rxd1 35. Rxd1 Kc7 36. Rd2 c3 37. Rc2 Kb6 38. Nxc3 Bxa3 39. Ne2 Bc5 40. Rd2
Re6 41. Nd4 Bxd4 42. Rxd4 c5 43. Rd7 f6 44. exf6 Rxf6 45. Rh7 c4 0-1

[Event "18.Open Seefeld"]
[Site "Seefeld / Oesterreich"]
[Date "2007.09.02"]
[Round "2"]
[White "Mueller, Helmut"]
[Black "Perkmann, Gottfried"]
[Result "1-0"]
[WhiteElo "2077"]
[BlackElo "1799"]
[PlyCount "59"]
[EventDate "2007.09.01"]
[EventType "swiss"]
[EventRounds "9"]
[EventCountry "AUT"]

1. d4 Nf6 2. c4 g6 3. Nc3 Bg7 4. e4 d6 5. f4 O-O 6. Nf3 c6 7. Be2 Qa5 8. O-O e5
9. fxe5 dxe5 10. Nxe5 Re8 11. Nxf7 Nxe4 12. Nxe4 Rxe4 13. d5 Bf5 14. Ng5 Rd4
15. Qb3 b5 16. dxc6 Qa4 17. Be3 Nxc6 18. cxb5+ Qxb3 19. axb3 Re8 20. bxc6 Rxe3
21. Bc4+ Kf8 22. Rxa7 Rh4 23. Rf7+ Kg8 24. Rd1 Re8 25. c7 Bd4+ 26. Kf1 Rf4+ 27.
Nf3 Bxb2 28. Rxf5+ Rxc4 29. bxc4 gxf5 30. Rd8 1-0

[Event "18.Open Seefeld"]
[Site "Seefeld / Oesterreich"]
[Date "2007.09.02"]
[Round "2"]
[White "Handl, Hans"]
[Black "Stock, Juergen"]
[Result "0-1"]
[WhiteElo "1599"]
[BlackElo "2074"]
[PlyCount "64"]
[EventDate "2007.09.01"]
[EventType "swiss"]
[EventRounds "9"]
[EventCountry "AUT"]

1. e4 e6 2. Nf3 d5 3. e5 c5 4. c3 Nc6 5. Bb5 Qa5 6. Bxc6+ bxc6 7. O-O Be7 8. d3
Rb8 9. Nbd2 Ba6 10. Nb3 Qb5 11. d4 Qxf1+ 12. Qxf1 Bxf1 13. Kxf1 c4 14. Nbd2 c5
15. b3 cxd4 16. Nxd4 cxb3 17. axb3 Bc5 18. Nc6 Rc8 19. Na5 Ne7 20. Nb7 O-O 21.
Nxc5 Rxc5 22. Rxa7 Rxc3 23. Ba3 Nc6 24. Rc7 Ra8 25. f4 Rc2 26. Ke1 Nd4 27. Rb7
g5 28. Nb1 Rxg2 29. Kf1 Rxh2 30. Kg1 Nf3+ 31. Kf1 g4 32. b4 g3 0-1

[Event "18.Open Seefeld"]
[Site "Seefeld / Oesterreich"]
[Date "2007.09.02"]
[Round "2"]
[White "Willin, Bernhard"]
[Black "Bangert, Ruediger"]
[Result "1-0"]
[WhiteElo "2002"]
[BlackElo "1761"]
[PlyCount "77"]
[EventDate "2007.09.01"]
[EventType "swiss"]
[EventRounds "9"]
[EventCountry "AUT"]

1. d4 g6 2. Nf3 Bg7 3. e3 Nf6 4. Be2 d6 5. b3 Bf5 6. Bb2 O-O 7. O-O Nc6 8. c4
Nb4 9. Nc3 d5 10. Ne5 Ne4 11. Nxd5 Nxd5 12. cxd5 Nf6 13. Bf3 Be4 14. Bxe4 Nxe4
15. f3 Nd6 16. e4 f5 17. Qd3 a6 18. a4 Nf7 19. Nc4 Nd6 20. Rad1 Qc8 21. Ne3 e6
22. Ba3 Rf7 23. Rc1 Qd8 24. dxe6 Re7 25. Nd5 c6 26. Nxe7+ Qxe7 27. e5 Qxe6 28.
Bxd6 Kh8 29. Qc4 Qd7 30. d5 Rc8 31. dxc6 Rxc6 32. Qd5 Bf8 33. Rxc6 bxc6 34. Qc5
Bh6 35. Rd1 f4 36. e6 Qxe6 37. Be5+ Kg8 38. Rd8+ Kf7 39. Qa7+ 1-0

[Event "18.Open Seefeld"]
[Site "Seefeld / Oesterreich"]
[Date "2007.09.02"]
[Round "2"]
[White "Plock, Christian"]
[Black "Bretscher, Robert"]
[Result "1-0"]
[WhiteElo "1986"]
[BlackElo "1656"]
[PlyCount "77"]
[EventDate "2007.09.01"]
[EventType "swiss"]
[EventRounds "9"]
[EventCountry "AUT"]

1. e4 e5 2. Nf3 Nc6 3. Bb5 a6 4. Bxc6 dxc6 5. O-O Bg4 6. h3 Bxf3 7. Qxf3 Nf6 8.
d3 Qd6 9. Qf5 g6 10. Qf3 Bg7 11. Nd2 O-O 12. Nc4 Qe6 13. Qe2 Nh5 14. Be3 Nf4
15. Qd2 Qf6 16. g3 Nh5 17. Kg2 Qe6 18. Qe2 Nf6 19. Na5 b6 20. Nc4 c5 21. Bg5 h6
22. Bxf6 Qxf6 23. Ne3 h5 24. Nd5 Qd6 25. Qd2 Rab8 26. g4 hxg4 27. hxg4 f5 28.
gxf5 gxf5 29. f3 f4 30. Rh1 Qg6+ 31. Kf1 Kf7 32. Qg2 Qd6 33. Rg1 Rg8 34. Qh3
Bf6 35. Qh5+ Ke6 36. Qf5+ Kf7 37. Qh7+ Rg7 38. Qh5+ Ke6 39. Rxg7 1-0

[Event "18.Open Seefeld"]
[Site "Seefeld / Oesterreich"]
[Date "2007.09.02"]
[Round "2"]
[White "Pregl, Walter"]
[Black "Noettger, Eckard"]
[Result "1-0"]
[WhiteElo "2046"]
[BlackElo "1983"]
[PlyCount "48"]
[EventDate "2007.09.01"]
[EventType "swiss"]
[EventRounds "9"]
[EventCountry "AUT"]

1. e4 c5 2. Nf3 e6 3. d3 d6 4. g3 g6 5. Bg2 Bg7 6. O-O Nc6 7. Re1 Nf6 8. c3 O-O
9. d4 cxd4 10. cxd4 Qb6 11. Nc3 Bd7 12. h3 e5 13. dxe5 dxe5 14. Nd5 Nxd5 15.
exd5 Nd4 16. Nxe5 Bf5 17. Nc4 Qb4 18. Ne3 Rfe8 19. Qd2 Qxd2 20. Bxd2 Bxh3 21.
Bh1 Bd7 22. Rac1 Rac8 23. Bc3 Kf8 24. Rcd1 Nf5 1-0

[Event "18.Open Seefeld"]
[Site "Seefeld / Oesterreich"]
[Date "2007.09.02"]
[Round "2"]
[White "Scheidt, Eugen"]
[Black "Nedelchev, Nikolai"]
[Result "0-1"]
[WhiteElo "1981"]
[BlackElo "1980"]
[PlyCount "44"]
[EventDate "2007.09.01"]
[EventType "swiss"]
[EventRounds "9"]
[EventCountry "AUT"]

1. d4 Nf6 2. Nf3 d5 3. e3 Bg4 4. h3 Bh5 5. Bd3 e6 6. O-O Nbd7 7. Nbd2 Bg6 8.
Qe2 Ne4 9. a3 f5 10. c4 c6 11. cxd5 exd5 12. b4 Bd6 13. Bb2 Bh5 14. Qe1 Qe7 15.
Qc1 a6 16. Qc2 O-O 17. Rac1 Rac8 18. Rfe1 g5 19. Nf1 g4 20. Bxe4 fxe4 21. N3h2
gxh3 22. gxh3 Bf3 0-1

[Event "18.Open Seefeld"]
[Site "Seefeld / Oesterreich"]
[Date "2007.09.02"]
[Round "2"]
[White "Schultheisz, Egon"]
[Black "Berkemeier, Juergen"]
[Result "1-0"]
[WhiteElo "1980"]
[BlackElo "1917"]
[PlyCount "57"]
[EventDate "2007.09.01"]
[EventType "swiss"]
[EventRounds "9"]
[EventCountry "AUT"]

1. e4 c5 2. Nf3 e6 3. d4 cxd4 4. Nxd4 Bc5 5. c3 Nc6 6. Be3 Qb6 7. b4 Bxd4 8.
Bxd4 Nxd4 9. Qxd4 Qxd4 10. cxd4 Nf6 11. Nc3 d6 12. Bd3 Bd7 13. Rc1 Rc8 14. Kd2
O-O 15. f3 Rfd8 16. Rc2 Rc7 17. Rhc1 Rdc8 18. Nb5 Rxc2+ 19. Rxc2 Rxc2+ 20. Kxc2
Bxb5 21. Bxb5 e5 22. Kc3 h5 23. a4 h4 24. h3 Nh5 25. Bf1 Kf8 26. d5 Ke7 27. Kc4
Kf6 28. a5 Kg5 29. Kb5 1-0

[Event "18.Open Seefeld"]
[Site "Seefeld / Oesterreich"]
[Date "2007.09.02"]
[Round "2"]
[White "Platzgummer, Peter"]
[Black "Gheri, Harald"]
[Result "0-1"]
[WhiteElo "1966"]
[BlackElo "1955"]
[PlyCount "80"]
[EventDate "2007.09.01"]
[EventType "swiss"]
[EventRounds "9"]
[EventCountry "AUT"]

1. e4 d6 2. d4 Nf6 3. Nc3 c6 4. Be3 Qa5 5. f3 Nbd7 6. Qd2 e5 7. Nge2 a6 8. g4
b5 9. Nc1 exd4 10. Bxd4 Ne5 11. Be2 Be6 12. O-O h6 13. Nb3 Qc7 14. Rad1 Be7 15.
Bf2 Bxb3 16. axb3 Rd8 17. Kg2 O-O 18. h4 d5 19. exd5 Nxd5 20. Nxd5 Rxd5 21. Qf4
Bd6 22. Rxd5 cxd5 23. Qd2 Ng6 24. Rd1 Rc8 25. c4 Nf4+ 26. Kf1 Nxe2 27. Qxe2
dxc4 28. bxc4 bxc4 29. Rc1 Bb4 30. Bd4 a5 31. Bc3 Qc6 32. Kg2 Re8 33. Qd2 Bxc3
34. Rxc3 Qe6 35. Qf4 Qe2+ 36. Kh3 Qf1+ 37. Kg3 Re2 38. Qxc4 Qg2+ 39. Kf4 Qh2+
40. Kf5 Re5# 0-1

[Event "18.Open Seefeld"]
[Site "Seefeld / Oesterreich"]
[Date "2007.09.02"]
[Round "2"]
[White "Dalnodar, Bernhard"]
[Black "Buchaeckert, Juergen"]
[Result "1/2-1/2"]
[WhiteElo "1709"]
[BlackElo "1964"]
[PlyCount "52"]
[EventDate "2007.09.01"]
[EventType "swiss"]
[EventRounds "9"]
[EventCountry "AUT"]

1. Nf3 Nf6 2. g3 g6 3. Bg2 Bg7 4. O-O O-O 5. d3 d5 6. Nbd2 Re8 7. e4 dxe4 8.
dxe4 Bd7 9. Qe2 Nc6 10. c3 Qc8 11. Nh4 e5 12. Nb3 b6 13. Qc2 a5 14. f4 a4 15.
Nd2 exf4 16. gxf4 Bh3 17. Rf3 Bxg2 18. Nxg2 Qb7 19. e5 Nh5 20. Rf1 Ne7 21. Qe4
Qa7 22. Nf3 Nf5 23. Nd4 b5 24. Be3 Nf6 25. Nxf5 Nxe4 26. Bxa7 Rxa7 1/2-1/2

[Event "18.Open Seefeld"]
[Site "Seefeld / Oesterreich"]
[Date "2007.09.02"]
[Round "2"]
[White "Storkebaum, Ulrike"]
[Black "Staninski, Borislav"]
[Result "0-1"]
[WhiteElo "1963"]
[BlackElo "1663"]
[PlyCount "138"]
[EventDate "2007.09.01"]
[EventType "swiss"]
[EventRounds "9"]
[EventCountry "AUT"]

1. e4 e5 2. Nf3 Nc6 3. d4 Nxd4 4. Nxd4 exd4 5. Qxd4 c5 6. Qa4 Nf6 7. e5 Nd5 8.
c4 Nb6 9. Qd1 d5 10. cxd5 Qxd5 11. Qxd5 Nxd5 12. a3 a6 13. Be2 Be7 14. O-O O-O
15. f4 h6 16. Bd2 b5 17. Nc3 Nxc3 18. Bxc3 b4 19. axb4 cxb4 20. Bd4 Bb7 21. Bb6
Rfc8 22. Rfc1 Rxc1+ 23. Rxc1 Rc8 24. Rxc8+ Bxc8 25. Bf3 Kf8 26. Bc6 Be6 27. Kf2
b3 28. Ke3 Bb4 29. Kd4 Bd2 30. Bc5+ Kg8 31. g3 g5 32. fxg5 hxg5 33. Kd3 Be1 34.
Be4 g4 35. Ke2 Ba5 36. Bd3 Bc7 37. Bd4 a5 38. Bb5 Kg7 39. Ke3 Kg6 40. Bc6 Bd8
41. Bc3 Bb6+ 42. Kf4 Bd8 43. Be4+ Kh5 44. Ke3 Bd7 45. Bd5 Be6 46. Bc6 Kg5 47.
Bd4 Be7 48. Kd3 Kf5 49. Be4+ Kg5 50. Be3+ Kh5 51. Bc6 Kg6 52. Bd4 Bf5+ 53. Kc4
Be6+ 54. Kb5 Bb4 55. Bc5 Bc3 56. Ba3 Bxe5 57. Kxa5 f5 58. Kb4 f4 59. Be4+ Kg5
60. Kc5 fxg3 61. hxg3 Bxg3 62. Bd5 Bf2+ 63. Kc4 Bxd5+ 64. Kxd5 g3 65. Bd6 g2
66. Bh2 Kg4 67. Kc4 Kh3 68. Bg1 Bxg1 69. Kxb3 Bd4 0-1

[Event "18.Open Seefeld"]
[Site "Seefeld / Oesterreich"]
[Date "2007.09.02"]
[Round "2"]
[White "Safdar, Mahmood"]
[Black "Ranker, Klemens"]
[Result "1-0"]
[WhiteElo "1660"]
[BlackElo "1955"]
[PlyCount "29"]
[EventDate "2007.09.01"]
[EventType "swiss"]
[EventRounds "9"]
[EventCountry "AUT"]

1. e4 c5 2. Nf3 Nc6 3. d4 cxd4 4. Nxd4 d6 5. Bc4 g6 6. Be3 Bg7 7. Nc3 a6 8. O-O
Nf6 9. f4 Na5 10. Bd3 Ng4 11. Qd2 Nxe3 12. Qxe3 Qb6 13. Nce2 Qxb2 14. Rfb1 Qa3
15. Bb5+ 1-0

[Event "18.Open Seefeld"]
[Site "Seefeld / Oesterreich"]
[Date "2007.09.02"]
[Round "2"]
[White "Loew, Bernd"]
[Black "Kesik, Marco"]
[Result "0-1"]
[WhiteElo "1601"]
[BlackElo "1954"]
[PlyCount "66"]
[EventDate "2007.09.01"]
[EventType "swiss"]
[EventRounds "9"]
[EventCountry "AUT"]

1. e4 c5 2. Nf3 e6 3. Bb5 a6 4. Be2 Qc7 5. b3 d6 6. Bb2 Nd7 7. c3 Ngf6 8. d3
Be7 9. Nbd2 b5 10. Qc2 d5 11. exd5 exd5 12. O-O O-O 13. Rac1 Bb7 14. d4 Rfe8
15. Rfe1 Rac8 16. Qf5 Bd6 17. Bd3 h6 18. Kh1 g6 19. Qh3 h5 20. Rcd1 c4 21. Bb1
Ng4 22. Kg1 Ndf6 23. g3 Ne4 24. Re2 Re7 25. Nxe4 dxe4 26. Nh4 Rce8 27. Rde1 Qc6
28. Qg2 e3 29. fxe3 Rxe3 30. Rxe3 Rxe3 31. Rxe3 Nxe3 32. Qxc6 Bxc6 33. Kf2 Nd1+
0-1

[Event "18.Open Seefeld"]
[Site "Seefeld / Oesterreich"]
[Date "2007.09.02"]
[Round "2"]
[White "Becker, Joerg"]
[Black "Grimm, Joachim"]
[Result "1-0"]
[WhiteElo "1952"]
[BlackElo "1618"]
[PlyCount "69"]
[EventDate "2007.09.01"]
[EventType "swiss"]
[EventRounds "9"]
[EventCountry "AUT"]

1. d4 f5 2. c4 g6 3. g3 Bg7 4. Bg2 Nf6 5. Nc3 d6 6. Nf3 O-O 7. O-O Qe8 8. d5 e5
9. dxe6 Qxe6 10. Nd5 Na6 11. Nd4 Qf7 12. Nxf6+ Qxf6 13. Bd5+ Kh8 14. e3 c6 15.
Bg2 Nc5 16. Qc2 Bd7 17. Rb1 Rae8 18. b4 Ne4 19. Bb2 Qf7 20. Rfd1 d5 21. cxd5
Qxd5 22. Nb3 Qf7 23. Nc5 Nxc5 24. bxc5 Bc8 25. Rd6 Rd8 26. Rbd1 Rxd6 27. Rxd6
Be6 28. Bxg7+ Kxg7 29. a3 Qf6 30. Qd1 Kf7 31. Rd4 Qe5 32. Qc1 Ke7 33. Qb2 Qf6
34. Qxb7+ Ke8 35. Bxc6+ 1-0

[Event "18.Open Seefeld"]
[Site "Seefeld / Oesterreich"]
[Date "2007.09.02"]
[Round "2"]
[White "Borries, Barbara"]
[Black "Verwer, Renzo"]
[Result "1-0"]
[WhiteElo "1947"]
[BlackElo "1600"]
[PlyCount "79"]
[EventDate "2007.09.01"]
[EventType "swiss"]
[EventRounds "9"]
[EventCountry "AUT"]

1. e4 c5 2. c3 Nf6 3. e5 Nd5 4. Nf3 Nc6 5. Bc4 Nb6 6. Bb5 a6 7. Bxc6 bxc6 8. d4
e6 9. O-O Bb7 10. Qc2 Be7 11. Re1 g5 12. dxc5 g4 13. Nd4 Bxc5 14. Nd2 d5 15.
exd6 Bxd6 16. Ne4 Be7 17. Bh6 Qd5 18. Bg7 c5 19. Bxh8 cxd4 20. Bxd4 f5 21. Bxb6
fxe4 22. Qa4+ Kf7 23. Rad1 Qc6 24. Qxc6 Bxc6 25. b3 Rb8 26. Be3 a5 27. Bf4 Rb5
28. c4 Rf5 29. Bd6 Bh4 30. g3 Bf6 31. Bf4 Be7 32. Re2 Bc5 33. Rd8 Kf6 34. Rc8
Bd7 35. Rc7 e5 36. Be3 Bxe3 37. Rxe3 Ke6 38. Rxe4 Kd6 39. Ra7 Bc6 40. Rxg4 1-0

[Event "18.Open Seefeld"]
[Site "Seefeld / Oesterreich"]
[Date "2007.09.02"]
[Round "2"]
[White "Kircher, Werner"]
[Black "Rampler, Evely"]
[Result "1/2-1/2"]
[WhiteElo "1944"]
[BlackElo "1588"]
[PlyCount "41"]
[EventDate "2007.09.01"]
[EventType "swiss"]
[EventRounds "9"]
[EventCountry "AUT"]

1. d4 Nf6 2. c4 c5 3. d5 b5 4. cxb5 a6 5. Nc3 axb5 6. Nxb5 Qa5+ 7. Nc3 Ba6 8.
g3 Ne4 9. Qc2 Nxc3 10. bxc3 Bc4 11. e4 Bxf1 12. Kxf1 g6 13. Kg2 Bg7 14. Ne2 d6
15. Bb2 c4 16. Nd4 O-O 17. Rhb1 Rc8 18. Bc1 Rc7 19. Be3 Nd7 20. Rb5 Qa6 21. a4
1/2-1/2